|
|
|
|
| LEADER |
01332nam a2200313 a 4500 |
| 001 |
13089158 |
| 003 |
BD-DhAAL |
| 008 |
091115r20092003cau b 001 0 eng d |
| 010 |
|
|
|a 2003002703
|
| 020 |
|
|
|a 9788178299204
|
| 020 |
|
|
|a 0761921079 (Cloth)
|
| 020 |
|
|
|a 0761921087 (Paper)
|
| 040 |
|
|
|a DLC
|c DLC
|d DLC
|d BD-DhAAL
|
| 082 |
0 |
0 |
|a 331.2/1/01
|2 21
|
| 100 |
1 |
|
|a Gerhart, Barry A.
|9 39541
|
| 245 |
1 |
0 |
|a Compensation :
|b theory, evidence, and strategic implications /
|c Barry Gerhart, Sara L. Rynes.
|
| 250 |
|
|
|a Sage south Asia edition.
|
| 260 |
|
|
|a Thousand Oaks, CA ;
|a New Delhi :
|b Sage,
|c c200 [printing 2009].
|
| 300 |
|
|
|a ix, 310 pages ;
|c 23 cm.
|
| 490 |
0 |
|
|a Foundations for organizational science
|
| 504 |
|
|
|a Includes bibliographical references and index.
|
| 526 |
|
|
|a BBS
|x Requisitioned by Faculties of BBS
Course name and no : N/A
|
| 541 |
1 |
|
|a Karim International
|e 00019552
|
| 650 |
|
0 |
|a Wages.
|9 6992
|
| 700 |
1 |
|
|a Rynes, S.
|q (Sara)
|9 58635
|
| 852 |
4 |
|
|a Ayesha Abed Library
|j General Shelf.
|
| 942 |
|
|
|2 ddc
|c BK
|
| 999 |
|
|
|c 5504
|d 5504
|
| 952 |
|
|
|0 0
|1 0
|2 ddc
|4 0
|6 331_210100000000000_GER
|7 0
|9 5377
|a BRACUL
|b BRACUL
|c GEN
|d 2009-11-10
|e Karim International
|g 319.00
|l 3
|m 9
|o 331.2101 GER
|p 3010019552
|r 2016-04-13
|s 2016-02-18
|t 1
|v 638.00
|w 2009-11-15
|y BK
|x Requisitioned by Faculties of BBS. Course name and no. "not available".
|